000 00470nam a22001817a 4500
003 OSt
005 20170105102939.0
008 160421b xxu||||| |||| 00| 0 eng d
020 _a9698893016
040 _a0
082 _a796
_bMAH 2005
100 _aMahmood, Syed Khalid
245 _aWorld Cup 2003
_bTop of the Charts
_cSyed Khalid Mahmood
260 _aKarachi,
_bJumbo Publishing
_c2005
300 _a186 p.;
_bill.;
_c22 cm
650 _aCricket
942 _2ddc
_cBK
999 _c16392
_d16392